000 00720nam a2200289Ia 4500
005 20260324132759.0
008 008 260324s9999 xx 000 0 eng d
020 _a9780203358658
037 _aEBOOK
040 _aCRL
040 _beng
040 _cCRL
041 _2eng
041 _aeng
084 _qCRL
100 _aChristopher Harvie; Christopher T. Harvie
_91190598
245 0 _aScotland and Nationalism
245 0 _bScottish Society and Politics 1707 to the Present
260 _bTaylor and Francis
260 _c2004
365 _a
365 _b230
856 _uhttp://www.taylorfrancis.com/books/9780203358658
942 _cEBOOK
999 _c1788988
_d1788988